| 000 | 00375nam a2200157Ia 4500 | ||
|---|---|---|---|
| 003 | 0STCL | ||
| 008 | 150530s9999 xx 000 0 und d | ||
| 040 |
_aSTCL _cSTCL |
||
| 100 | _aStephen Prickett | ||
| 245 | _aColeridge and wordsworth | ||
| 260 |
_bCambridge university press _c1970 |
||
| 546 | _aEnglish | ||
| 942 |
_2ddc _cBK |
||
| 999 |
_c51083 _d51083 |
||
| 005 | 20220125170835.0 | ||